Every Premier League Team - Statistics

General Stats
  • This quiz has been taken 13 times
  • The average score is 18 of 20
Answer Stats
Answer % Correct
Arsenal
100%
Chelsea
100%
Crystal Palace
100%
Everton
100%
Liverpool
100%
Manchester City
100%
Manchester United
100%
Sunderland
100%
Tottenham Hotspur
100%
Aston Villa
91%
Brentford
91%
Burnley
91%
Leeds United
91%
Newcastle United
91%
Wolverhampton Wanderers
91%
Fulham
82%
Nottingham Forest
82%
West Ham United
82%
Brighton and Hove Albion
64%
AFC Bournemouth
55%
No matching quizzes found
Score Distribution
Percent of People with Each Score
Percentile by Number Answered
Your Score History
You have not taken this quiz